Lý thuyết thông tin và mã hóa

Sách cung cấp các thông tin về lý thuyết thông tin và mã hóa. Nội dung sách được chia thành 8 chương trình bày các vấn đề về lý thuyết thông tin rời rạc như lượng tin và Entropy, nguồn rời rạc và kênh rời rạc, mã hóa nguồn và mã hóa kênh,...

Cijeli opis

Spremljeno u:
Bibliografski detalji
Glavni autor: Vũ, Ngọc Phàn
Format: Knjiga
Jezik:Undetermined
Izdano: Hà Nội Bưu điện 2006
Teme:
Oznake: Dodaj oznaku
Bez oznaka, Budi prvi tko označuje ovaj zapis!
Thư viện lưu trữ: Trung tâm Học liệu Trường Đại học Cần Thơ
LEADER 01257nam a2200205Ia 4500
001 CTU_122939
008 210402s9999 xx 000 0 und d
020 |c 49000 
082 |a 003.54 
082 |b Ph105 
100 |a Vũ, Ngọc Phàn 
245 0 |a Lý thuyết thông tin và mã hóa 
245 0 |c Vũ Ngọc Phàn 
260 |a Hà Nội 
260 |b Bưu điện 
260 |c 2006 
520 |a Sách cung cấp các thông tin về lý thuyết thông tin và mã hóa. Nội dung sách được chia thành 8 chương trình bày các vấn đề về lý thuyết thông tin rời rạc như lượng tin và Entropy, nguồn rời rạc và kênh rời rạc, mã hóa nguồn và mã hóa kênh, các phương pháp mã hóa và giải mã, mật mã. Sách cũng giới thiệu về lý thuyết thông tin các hệ liên tục. Phần phụ lục cuối sách giới thiệu một số chương trình mô phỏng các thuật toán viết trên Matlab 
650 |a Information theory,Telecommunication systems 
904 |i Tuyến, Huỳnh Mai 
980 |a Trung tâm Học liệu Trường Đại học Cần Thơ